| 000 | 00869nam a2200217 a 4500 | ||
|---|---|---|---|
| 005 | 20171017135820.0 | ||
| 008 | 140310bxx dc ao|||r|||| 00| 0 eng d | ||
| 040 |
_aCO-BoIAVH _cCO-BoIAVH |
||
| 041 | 0 | _aeng | |
| 044 | _axxu | ||
| 082 | 0 | 4 |
_a333.9506 _bE19b |
| 110 | 2 | _aConservation International | |
| 245 | 0 | 0 | _aThe economics of biodiversity conservation in the Brazilian Atlantic forest |
| 260 |
_aWashington D.C. : _bConservation International : _bIESB : _bUSAID, _c[s.f.] |
||
| 300 |
_a12 páginas : _bilustraciones a color y fotografías a color ; _c28 x 22 cm. |
||
| 650 | 2 | 6 |
_aConservación de la diversidad biológica _xAspectos económicos _zBrasil |
| 650 | 2 | 6 |
_aConservación de bosques _xAspectos económicos _zBrasil |
| 650 | 2 | 6 |
_aReservas naturales _xAspectos económicos _zBrasil |
| 662 |
_aBrasil _bBahia |
||
| 942 |
_cLIBRO _2ddc |
||
| 999 |
_c3110 _d3110 |
||